000 00899cam a22001934a 4500
005 20250605163944.0
008 250528s ||||||||||||||||||||||||d
035 _a15129
020 _a220663505
040 _aGR-AtMCL
_bgre
_dGR-AtMCL
_eAACR2
245 1 _aBigger Profits for the Smaller Firm / Second Edition
260 _bBusiness Books,
_c1978
300 _a216
520 _aThe book provides a practical guide for directors and managers of small firms with up to 250 employees. Foreword, Preface, How to Increase Profits, Managing for Profit, Managing to Survive, Marketing for Profit, Accounting for Profit, Costing for Profit, Budgeting for Profit, Production Control for Profit, Productivity for Profit, Appendices, Sources of Advice and Assistance for Small Firms, Recommended Reading, Index.
700 1 _aWood G. E
_9978
942 _cBK
999 _c723
_d723